Aryabhatiya of aryabhata (Record no. 7318)

MARC details
000 -LEADER
fixed length control field 00661nam a2200193Ia 4500
003 - CONTROL NUMBER IDENTIFIER
control field IN-BaIIA
008 - FIXED-LENGTH DATA ELEMENTS--GENERAL INFORMATION
fixed length control field 211028s9999 xx 000 0 eng d
040 ## - CATALOGING SOURCE
Transcribing agency IIA Library
080 ## - UNIVERSAL DECIMAL CLASSIFICATION NUMBER
Universal Decimal Classification number 52(091)
Item number SAR
245 #0 - TITLE STATEMENT
Title Aryabhatiya of aryabhata
Remainder of title with the commentary of Suryadeva Yajvan
Statement of responsibility, etc. edited by K.V. Sarma
260 ## - PUBLICATION, DISTRIBUTION, ETC.
Place of publication, distribution, etc. New Delhi
Name of publisher, distributor, etc. Indian National Science Academy
Date of publication, distribution, etc. 1976
300 ## - PHYSICAL DESCRIPTION
Extent lii, 200p.
490 ## - SERIES STATEMENT
Series statement Aryabhatiya Critical Edition Series
650 ## - SUBJECT ADDED ENTRY--TOPICAL TERM
Topical term or geographic name entry element Aryabhatiya
9 (RLIN) 9399
650 ## - SUBJECT ADDED ENTRY--TOPICAL TERM
Topical term or geographic name entry element Astronomy and Astrophysics Thesaurus
650 ## - SUBJECT ADDED ENTRY--TOPICAL TERM
Topical term or geographic name entry element Astronomy-History
9 (RLIN) 900
700 ## - ADDED ENTRY--PERSONAL NAME
Personal name Sarma, K.V ed.
9 (RLIN) 12550
942 ## - ADDED ENTRY ELEMENTS (KOHA)
Koha item type Books
Holdings
Withdrawn status Lost status Damaged status Not for loan Home library Current library Shelving location Date acquired Cost, normal purchase price Total Checkouts Full call number Barcode Date last seen Date last checked out Cost, replacement price Price effective from Koha item type Purchase Price
        IIA Library-Bangalore IIA Library-Bangalore General Stacks 07/04/1983 25.00 1 52(091)/ SAR 8125 27/02/2025 27/02/2025 25.00 07/04/1983 Books Rs. 25.00

Powered by Koha